| 000 | 00739nam a22002297a 4500 | ||
|---|---|---|---|
| 005 | 20170124110018.0 | ||
| 010 | _aB-064934 | ||
| 020 |
_c450.00 _a8175880708 |
||
| 035 | _aB-064934 | ||
| 037 | _bCen Lib/Ret | ||
| 040 |
_aDPL _bEN |
||
| 082 |
_a343.056 _bJAI |
||
| 100 |
_aJain, R. K. _9113175 |
||
| 245 |
_aCentral excise law manual (with service tax) 2000-01 / _cby R. K. Jain |
||
| 250 | _a27th ed | ||
| 260 |
_aNew Delhi _bCentax Publications _c2000 |
||
| 270 |
_bNew Delhi _a1512-B, Bishm Pitamah Marg _e110003 |
||
| 300 |
_avarious pagings _c23cm(Hb) |
||
| 650 |
_aExcise tax -- Law and legislation -- India _914672 |
||
| 650 |
_aExcise tax -- Law and legislation _919117 |
||
| 942 |
_2ddc _cEN _h343.056 _mJAI |
||
| 999 |
_c127008 _d127008 |
||